Fundamentals of statistics (Record no. 5777)
[ view plain ]
| 000 -LEADER | |
|---|---|
| fixed length control field | 00555cam a2200205ua 4500 |
| 008 - FIXED-LENGTH DATA ELEMENTS--GENERAL INFORMATION | |
| fixed length control field | 140703n ii |||gr||||Z||||||eng |
| 040 ## - CATALOGING SOURCE | |
| Transcribing agency | MAIN |
| 082 ## - DEWEY DECIMAL CLASSIFICATION NUMBER | |
| Classification number | 519.5 |
| 245 ## - TITLE STATEMENT | |
| Title | Fundamentals of statistics |
| Statement of responsibility, etc. | By D.N. Elhance |
| 250 ## - EDITION STATEMENT | |
| Edition statement | 51st ed. |
| 260 ## - PUBLICATION, DISTRIBUTION, ETC. | |
| Place of publication, distribution, etc. | Patna: |
| Name of publisher, distributor, etc. | Kitab mahal, |
| Date of publication, distribution, etc. | 2007. |
| 300 ## - PHYSICAL DESCRIPTION | |
| Extent | xvi,30.22p. |
| 700 ## - ADDED ENTRY--PERSONAL NAME | |
| Personal name | Elhance,D.N., |
| Relator term | |
| 700 ## - ADDED ENTRY--PERSONAL NAME | |
| Personal name | Elhance,Veena, |
| Relator term | |
| 700 ## - ADDED ENTRY--PERSONAL NAME | |
| Personal name | Aggarwal,B.M., |
| Relator term | |
| 942 ## - ADDED ENTRY ELEMENTS (KOHA) | |
| Koha item type | Books |
| 653 ## - INDEX TERM--UNCONTROLLED | |
| Uncontrolled term | Probabilities & applied mathematics |
| 653 ## - INDEX TERM--UNCONTROLLED | |
| Uncontrolled term | Fundamentals of statistics |
| Withdrawn status | Lost status | Damaged status | Not for loan | Home library | Current library | Shelving location | Date acquired | Total Checkouts | Full call number | Barcode | Date last seen | Copy number | Price effective from | Koha item type |
|---|---|---|---|---|---|---|---|---|---|---|---|---|---|---|
| Central Library, Naharkatiya College | Central Library, Naharkatiya College | General Stacks | 19/09/2020 | 519.5 | ELH | 17713 | 18/01/2021 | 1 | 19/09/2020 | Books |
